Le bon sport (clic quiz) - Statistiques

Statistiques générales
  • Ce quiz a été pris 81 fois
  • Le résultat moyen est 4 sur 8
Statistiques - réponses
Hint Réponse % Correct
Ragénaire Quad
68%
Zophrène Ski
62%
Luge
54%
Crotte Moto
52%
Tur Lutte
49%
Nais Polo
49%
Traves Tir
28%
Contre Danse
14%
Aucun quiz correspondant
Distribution des résultats
% des personnes avec chaque résultat
Percentile par nombre de réponses
Votre historique - résultats
Vous n’avez pas pris ce quiz